[Event "San Jose subzonal 2.3c"]
[Site "San Jose"]
[Date "2018.03.25"]
[Round "1"]
[White "Cantillo Alvarado, Luis Manuel"]
[Black "Gavarrete, Nahun"]
[Result "1-0"]
[WhiteElo "1789"]
[BlackElo "2300"]
[PlyCount "75"]
[EventDate "2018.03.25"]
[EventType "swiss"]
[EventRounds "9"]
[EventCountry "CRI"]
[SourceTitle "EXT 2019"]
[Source "ChessBase"]
[SourceDate "2018.10.10"]
[SourceVersion "1"]
[SourceVersionDate "2018.10.10"]
[SourceQuality "1"]

1. e4 c5 2. Nf3 d6 3. d4 cxd4 4. c3 dxc3 5. Nxc3 e6 6. Bc4 a6 7. 0-0 b5 8. Bb3 Bb7 9. Qe2 Nd7 10. Rd1 Ngf6 11. Bg5 b4 12. Na4 Be7 13. Bxf6 Nxf6 14. Nc5 Bc6 15. Bxe6 fxe6 16. Nxe6 Qa5 17. e5 Ne4 18. exd6 Bf6 19. Rac1 Qb6 20. Nfd4 Bb7 21. Nc7+ Kf7 22. Nxa8 Rxa8 23. Qc4+ Kg6 24. d7 Kh5 25. Rd3 Rf8 26. Rf1 Bh4 27. Rh3 g5 28. Rf3 Rxf3 29. Nxf3 Bxf2+ 30. Kh1 Qd6 31. Qf7+ Kh6 32. Ne5 Nf6 33. Qxf6+ Qxf6 34. Ng4+ Kg6 35. Nxf6 Bb6 36. Ne8 Bd8 37. Nd6 Bd5 38. Rf8 1-0